| 000 | 00539nam a2200181Ia 4500 | ||
|---|---|---|---|
| 005 | 20250326130103.0 | ||
| 008 | 250326s9999 xx 000 0 und d | ||
| 037 | _aTextbook | ||
| 040 |
_aFMSL _beng _cFMSL |
||
| 041 |
_aeng _2eng |
||
| 084 |
_aXB28 L4 _qFMSL |
||
| 100 |
_aBolch B W _9740091 |
||
| 245 | 0 |
_aMultivariale statistical methods for business and economics _cBolch B W; Huang C J |
|
| 260 |
_aNew Jersey _bNew Jersey, Prentice-Hall _c1974 |
||
| 300 | _a329p | ||
| 942 |
_cTB _hXB28 L4 |
||
| 999 |
_c1280856 _d1280856 |
||